000 01049nam0a22002531 4500
001 rc\4879750
005 20250612201057.0
021 _aRU
_bРг4181-68
021 _aRU
_b68-33102
035 _a(NLR Aleph) 008825995
090 _a8252045
_c8252045
100 _a20130426d1967 |||y0rusy50 ca
101 0 _arus
102 _aRU
105 _ay z |||||
200 1 _aТезисы докладов и рекомендации Неклиновской районной экономической конференции, состоявшейся 28 марта 1967 г.
_fРост. обл. Неклин. РК КПСС. Район. производ. упр. сел. хоз-ва
210 _aс. Покровское [Рост. обл.]
_cБ. и.
_d1967
215 _a60 с.
_d20
710 1 2 _aНеклиновская район. экономическая конференция (1967; с. Покровская, Рост. обл.)
801 0 _aRU
_bNLR
_gpsbo
801 1 _aRU
_bELAR
_2rusmarc
852 _aNLR
_j68-4/9870
942 _cBOOK
980 _aNB